| 000 | 03302cam a22012374i 4500 | ||
|---|---|---|---|
| 003 | PE-LiUPU | ||
| 005 | 20250813185627.0 | ||
| 008 | 150706s2012 pe a rb 000 0 spa d | ||
| 020 | _a9789972572128 | ||
| 035 | _a(Sirsi) i9789972572128 | ||
| 040 |
_aPE-LiUPU _bspa _cPE-LiUPU _erda |
||
| 049 | _aPRUA | ||
| 082 | 0 | 4 |
_a372 _bB35 _221 |
| 100 | 1 |
_aBeltrán, Arlette, _eautor. |
|
| 245 | 1 | 3 |
_aLa trampa educativa en el Perú : _bcuando la educación llega a muchos pero sirve a pocos / _cArlette Beltrán. |
| 264 | 1 |
_aLima : _bUniversidad del Pacífico, _c2012. |
|
| 300 |
_a169 páginas : _bilustraciones ; _c22 cm. |
||
| 336 |
_atext _2rdacontent |
||
| 337 |
_aunmediated _2rdamedia |
||
| 338 |
_avolume _2rdacarrier |
||
| 504 | _aBibliografía y referencias, p. 155-169. | ||
| 505 | 0 | _aLos determinantes de la educación escolar -- El desenvolvimiento estudiantil en el Perú -- Los recursos pedagógicos y el rendimiento escolar: necesitamos mayor inversión en los colegios -- ¿Cuándo impacta la educación inicial sobre el rendimiento escolar? -- En el Perú, ¿todos somos iguales? -- Conclusiones y recomendaciones. | |
| 526 | _aP202 | ||
| 526 | _aP201 | ||
| 526 | _aP163 | ||
| 526 | _aP162 | ||
| 526 | _aP161 | ||
| 526 | _aP160 | ||
| 526 | _aP148 | ||
| 526 | _aP147 | ||
| 526 | _aP146 | ||
| 526 | _aP145 | ||
| 526 | _aP144 | ||
| 526 | _aP143 | ||
| 526 | _aP142 | ||
| 526 | _aP141 | ||
| 526 | _aP140 | ||
| 526 | _aP139 | ||
| 526 | _aP138 | ||
| 526 | _aP137 | ||
| 526 | _aP136 | ||
| 526 | _aP135 | ||
| 526 | _aP134 | ||
| 526 | _aP133 | ||
| 526 | _aP129 | ||
| 526 | _aP128 | ||
| 526 | _aP127 | ||
| 526 | _aP120 | ||
| 526 | _aP119 | ||
| 526 | _aP118 | ||
| 526 | _aP116 | ||
| 526 | _aP115 | ||
| 526 | _aP114 | ||
| 526 | _aP110 | ||
| 526 | _aP109 | ||
| 526 | _aP108 | ||
| 526 | _aP104 | ||
| 526 | _aP103 | ||
| 526 | _aP102 | ||
| 526 | _aP99 | ||
| 526 | _aP98 | ||
| 526 | _aP97 | ||
| 526 | _aP96 | ||
| 526 | _aP95 | ||
| 526 | _aP93 | ||
| 526 | _aP90 | ||
| 526 | _aP89 | ||
| 526 | _aP88 | ||
| 526 | _aP83 | ||
| 526 | _aP82 | ||
| 526 | _aP62 | ||
| 526 | _aP59 | ||
| 526 | _aP58 | ||
| 526 | _aP57 | ||
| 526 | _aP51 | ||
| 526 | _aP49 | ||
| 526 | _aP48 | ||
| 526 | _aP47 | ||
| 526 | _aP29 | ||
| 526 | _aP24 | ||
| 526 | _aP20 | ||
| 526 | _aP19 | ||
| 526 | _aP17 | ||
| 526 | _aP15 | ||
| 526 | _aP14 | ||
| 526 | _aP12 | ||
| 526 | _aP10 | ||
| 526 | _aP09 | ||
| 526 | _aP08 | ||
| 526 | _aP07 | ||
| 526 | _aP06 | ||
| 526 | _aP05 | ||
| 526 | _aP04 | ||
| 526 | _aP01 | ||
| 541 | _g030-0014458; | ||
| 650 | 0 | 4 |
_aEducación primaria _zPerú. |
| 650 | 0 | 4 | _aRendimiento académico. |
| 650 | 0 | 4 |
_aCalidad de la educación _zPerú. |
| 650 | 0 | 4 | _aComprensión de lectura. |
| 910 |
_agl _cbd _d20130718 |
||
| 942 |
_2ddc _cBOOK |
||
| 949 |
_a372 B35 _wDEWEY _c1 _i68162 _lCCODEBUL1 _mBUL _p33.00 _r0 _sY _tBOOK _u2015-7-6 _xFCE _PP04 _o.STAFF. Colección General |
||
| 994 |
_aC0 _bPEPRU |
||
| 596 | _a1 | ||
| 999 |
_a372 B35 _wDEWEY _c55596 _i68162 _d55596 _e2018-4-17 _f2021-11-8 _g6 _lCCODEBUL1 _mBUL _n1 _p33.00 _r0 _sN _tBOOK _u2015-7-6 _xEDUCACION _PP04 _0COMPRA _o.STAFF. Colección General |
||
| 980 |
_81 _gALBERTO SANCHEZ Responsable de Automatización |
||